[Event "Challenge"]
[Site "http://www.queenalice.com/game.php?id=1865854"]
[Date "2025.11.20"]
[Round "-"]
[White "LuizFerreira"]
[Black "Camy"]
[Result "1-0"]
[WhiteElo "1424"]
[BlackElo "1330"]

1. Nf3 Nf6 2. Nc3 e6 3. b3 d5 4. g3 Nc6 5. d4 Bd6 6. a4 Bb4 7. Bd2 Bxc3 8. Bxc3
b6 9. b4 Ne7 10. b5 Ne4 11. Bb4 O-O 12. Bh3 h6 13. Bg4 a5 14. Ba3 Re8 15. Ne5 f6
16. Nd3 g6 17. f3 Nc3 18. Qd2 Nxa4 19. Bc1 f5 20. Bh3 Bd7 21. Rb1 Bxb5 22. Rxb5
c6 23. Rb1 b5 24. Ne5 g5 25. f4 g4 26. Bg2 h5 27. Qe3 c5 28. dxc5 Rc8 29. Rxb5
d4 30. Qa3 Nc3 31. e3 Nxb5 32. Qb3 Nc7 33. exd4 Ncd5 34. h3 Rb8 35. Qa4 Rb4 36.
Qa2 Rxd4 37. O-O Nc3 38. Qa1 Rd1 39. Kh2 Rxf1 40. Bxf1 Ned5 41. Bc4 Ne2 42. Bxe2
Re7 43. Nc6 Qf8 44. Qxa5 h4 45. hxg4 fxg4 46. gxh4 Rh7 47. Qe1 Nxf4 48. Bxg4 e5
49. Nxe5 Qe7 50. Bb2 Rxh4+ 51. Kg3 Nd5 52. Be2 Nf4 53. Bc4+ Kh7 54. Bc1 Qg5+ 55.
Kf3 Qg2+ 56. Ke3 Qxc2 57. Qxh4+ Kg7 58. Qg4+ Kf6 59. Qxf4+ Qf5 60. Bb2 1-0

[Event "Challenge"]
[Site "http://www.queenalice.com/game.php?id=1867093"]
[Date "2025.12.16"]
[Round "-"]
[White "LuizFerreira"]
[Black "Capixaba789"]
[Result "0-1"]
[WhiteElo "1383"]
[BlackElo "1969"]

1. Nf3 e5 2. Nxe5 Nf6 3. Nc3 d5 4. g3 d4 5. Na4 Bd6 6. Nf3 Nc6 7. b3 Be6 8. Bb2
b5 9. Nxd4 Nxd4 10. Bxd4 bxa4 11. bxa4 O-O 12. e3 a5 13. Bb5 Bd5 14. f3 c6 15.
Bd3 Re8 16. c4 Be6 17. c5 Bxc5 18. Qe2 Bb4 19. a3 Bf8 20. e4 Qxd4 21. Rb1 Qxa4
22. e5 Nd5 23. Qf1 Qxa3 24. Ke2 Nb4 25. Be4 c5 26. Ra1 Bc4+ 27. d3 Bxd3+ 28.
Bxd3 Qxd3+ 29. Kf2 Rxe5 30. Rd1 Qc2+ 31. Kg1 Rae8 32. Rc1 Qb3 33. f4 R5e6 34.
Rb1 Qxb1 35. Qxb1 Re1+ 36. Qxe1 Rxe1+ 37. Kg2 Rxh1 38. Kxh1 a4 39. Kg1 a3 40.
Kg2 a2 41. Kh3 a1=Q 42. f5 c4 43. Kg2 c3 44. f6 c2 45. Kh3 c1=Q 46. fxg7 Qh6+
47. Kg2 Qb2+ 48. Kf3 Qhd2 49. Kg4 Qbd4+ 50. Kh3 Qh6+ 51. Kg2 Bxg7 52. Kh1 Qf2
53. h3 Qc1# 0-1

[Event "Ano Novo "]
[Site "http://www.queenalice.com/game.php?id=1867554"]
[Date "2026.1.6"]
[Round "-"]
[White "Rocio"]
[Black "LuizFerreira"]
[Result "0-1"]
[WhiteElo "1465"]
[BlackElo "1398"]

1. e4 Nc6 2. Bc4 Nf6 3. Nc3 b6 4. Nf3 d6 5. Ng5 e6 6. d3 h6 7. Nf3 g6 8. Bf4 g5
9. Be3 g4 10. Nh4 d5 11. exd5 exd5 12. Bb5 Bd7 13. Bf4 Nh7 14. Qe2+ Be7 15. Bg3
a6 16. Bxc6 Bxc6 17. Nf5 d4 18. Ne4 Bb4+ 19. c3 dxc3 20. bxc3 Ba5 21. O-O Bb5
22. Ned6+ Kf8 23. Ne4 h5 24. Bh4 f6 25. Bxf6 Nxf6 26. Ng5 Bxd3 27. Qe6 Bc4 28.
Rfd1 Nd5 29. Nf7 Qe8 30. Re1 Qxf7 31. Qe5 Bxc3 32. Qe4 b5 33. Red1 Re8 34. Qc2
b4 35. Rab1 Re2 36. Qa4 Bb5 37. Qb3 c6 38. Ng3 Re5 39. h4 a5 40. Qc2 Nf4 41.
Rd8+ Re8 42. Rd6 Qe7 43. Nf5 Qe5 44. Rdd1 Be2 45. Re1 Qe4 46. Qxe4 Rxe4 47. g3
Nh3+ 48. Kg2 Bf3+ 49. Kf1 Rd4 50. Ne3 Be4 51. Rbc1 Rh7 52. Ke2 Rf7 53. Rf1 Bf3#
0-1

[Event "Challenge"]
[Site "http://www.queenalice.com/game.php?id=1867600"]
[Date "2026.1.7"]
[Round "-"]
[White "LuizFerreira"]
[Black "Rocio"]
[Result "0-1"]
[WhiteElo "1381"]
[BlackElo "1577"]

1. d4 d5 2. Nc3 a6 3. g3 Bf5 4. Bg2 e6 5. b3 h6 6. Nf3 Nc6 7. h3 Bd6 8. g4 Be4
9. a3 Bxf3 10. Bxf3 Nf6 11. Na4 O-O 12. Bd2 Nxd4 13. Bg2 b5 14. Nc3 Rb8 15. Be3
Nc6 16. Bf3 Ne5 17. Qd4 c5 18. Qf4 d4 19. Nd1 dxe3 20. Nxe3 Ng6 21. Qe4 Nxe4 22.
Bxe4 Nf4 23. Kf1 Be5 24. Rc1 Qd2 25. Rd1 Qxe2+ 26. Kg1 f5 27. Bc6 fxg4 28. Rh2
g3 29. Rh1 Qxf2# 0-1

[Event "Challenge"]
[Site "http://www.queenalice.com/game.php?id=1869186"]
[Date "2026.2.13"]
[Round "-"]
[White "LuizFerreira"]
[Black "Leanne"]
[Result "1-0"]
[WhiteElo "1386"]
[BlackElo "1285"]

1. Nc3 d5 2. e3 Nf6 3. Nf3 e6 4. g3 Be7 5. b3 O-O 6. Bg2 Nc6 7. d4 Bb4 8. Bd2
Bxc3 9. Bxc3 Ne4 10. Bb4 Re8 11. Ba3 e5 12. Bb2 exd4 13. exd4 Bg4 14. h3 Bxf3
15. Bxf3 Ng5+ 16. Be2 Nf3+ 17. Kf1 Nfxd4 18. Bb5 Nxb5 19. Qd3 Nbd4 20. Bxd4 Nxd4
21. Qxd4 c6 22. Rd1 Qe7 23. b4 Qe4 24. Kg1 Qxc2 25. Kh2 Re2 26. Rhf1 1-0

[Event "Challenge"]
[Site "http://www.queenalice.com/game.php?id=1869233"]
[Date "2026.2.14"]
[Round "-"]
[White "Leanne"]
[Black "LuizFerreira"]
[Result "0-1"]
[WhiteElo "1300"]
[BlackElo "1373"]

1. d4 Nf6 2. c4 e6 3. Nc3 Nc6 4. Nf3 g6 5. Bg5 Be7 6. e4 d6 7. Bxf6 Bxf6 8. Be2
b6 9. O-O e5 10. Nb5 Ba6 11. dxe5 Bxe5 12. Rb1 f5 13. exf5 gxf5 14. Nxe5 dxe5
15. Bd3 Ne7 16. Qf3 e4 17. Bxe4 c6 18. Rbd1 Qc8 19. Qh5+ Kf8 20. Nd6 Qe6 21.
Bxf5 Qf6 22. Ne4 Qxb2 0-1

[Event "Challenge"]
[Site "http://www.queenalice.com/game.php?id=1871088"]
[Date "2026.3.28"]
[Round "-"]
[White "Leanne"]
[Black "LuizFerreira"]
[Result "0-1"]
[WhiteElo "1285"]
[BlackElo "1413"]

1. e4 e5 2. f4 exf4 3. d4 f6 4. Bxf4 Nc6 5. Nf3 g5 6. Bg3 Qe7 7. e5 g4 8. Nh4 b6
9. Qxg4 Qb4+ 10. c3 Qxb2 11. Bd3 Qxa1 12. O-O Qxa2 13. exf6 Nxf6 14. Qe2+ Qe6
15. Qf3 Bb7 16. Re1 Ne5 17. Qe2 Nxd3 18. Qxd3 Qxe1+ 19. Bxe1 Be4 20. Qe3 Kd8 21.
Nd2 Bd5 22. c4 Bc6 23. Qf4 Be7 24. Bg3 h6 25. d5 Bb7 26. Ng6 Rh7 27. Bh4 Rg7 28.
Qxh6 Rh7 29. Qf4 c6 30. Bxf6 Rf7 31. Bxe7+ Ke8 32. Qh6 d6 33. Qg5 cxd5 34. Nh8
Rxe7 35. cxd5 Kd7 36. Ng6 Rf7 37. Ne5+ dxe5 38. Qxe5 Re8 39. Qh5 Re1+ 0-1

[Event "Challenge"]
[Site "http://www.queenalice.com/game.php?id=1871089"]
[Date "2026.3.28"]
[Round "-"]
[White "LuizFerreira"]
[Black "Leanne"]
[Result "0-1"]
[WhiteElo "1435"]
[BlackElo "1291"]

1. Nf3 Nc6 2. Nc3 e5 3. d3 Nd4 4. Nxe5 Qe7 5. e3 Qxe5 6. f4 Qe6 7. g3 Nc6 8. b3
d5 9. g4 Qxg4 10. Qd2 d4 11. Be2 Qd7 12. h3 dxc3 13. Qxc3 Bb4 14. Bb2 Bxc3+ 15.
Bxc3 Nf6 16. Rg1 Qd6 17. Rxg7 Qe6 18. Bd2 Bd7 19. Bf1 O-O-O 20. Be2 Rhg8 21. f5
Qxf5 22. Bg4 Nxg4 23. Rxg4 Qf3 24. Rg1 Rxg1# 0-1

[Event "Challenge"]
[Site "http://www.queenalice.com/game.php?id=1872553"]
[Date "2026.4.28"]
[Round "-"]
[White "PRZ"]
[Black "LuizFerreira"]
[Result "1-0"]
[WhiteElo "1495"]
[BlackElo "1448"]

1. b3 Nc6 2. Bb2 Nf6 3. d4 e6 4. a3 b6 5. g3 g6 6. e3 d5 7. f4 Bh6 8. Nc3 a6 9.
a4 g5 10. Nh3 g4 11. Nf2 Nb4 12. h4 e5 13. Ba3 Nc6 14. fxe5 Nh5 15. Nxg4 Bxe3
16. Nxe3 Nxg3 17. Rg1 Qxh4 18. Rxg3 Qxg3+ 19. Ke2 Qh2+ 20. Kd3 Bf5+ 21. Ne4
Bxe4+ 22. Kc3 Qg3 23. Bc1 Bf3 24. Qd2 Rg8 25. Bd3 h6 26. Nf5 Qh3 27. Nxh6 Rh8
28. b4 Rxh6 29. Qxh6 Qg4 30. Qh8+ Ke7 31. Qf6+ Kd7 32. Qxf7+ Kc8 33. Bf5+ Kb7
34. Bxg4 Bxg4 35. Qxd5 Rd8 36. Qg2 Rg8 37. b5 axb5 38. axb5 Bd7 39. Qxg8 Na5 40.
e6 Bc8 41. e7 Bd7 42. Qd5+ Bc6 43. bxc6+ Nxc6 44. e8=Q b5 45. Qa8+ Kb6 46. Qc5#
1-0

[Event "Challenge"]
[Site "http://www.queenalice.com/game.php?id=1872554"]
[Date "2026.4.28"]
[Round "-"]
[White "LuizFerreira"]
[Black "PRZ"]
[Result "0-1"]
[WhiteElo "1463"]
[BlackElo "1499"]

1. Nc3 c6 2. Nf3 d5 3. e3 b5 4. a3 a5 5. g3 h5 6. d4 f6 7. b3 g5 8. h3 e6 9. Bd3
Rh6 10. e4 Ne7 11. e5 f5 12. Nxg5 Qb6 13. Be3 a4 14. bxa4 bxa4 15. Nxa4 Rxa4 16.
c4 Rxc4 17. Rb1 Qa5+ 18. Bd2 Qa6 19. Rxb8 Qa7 20. Rb3 Rxd4 21. Be3 Ng6 22. Qc1
Kd7 23. Qb1 Bc5 24. Nf7 Rh7 25. Ng5 Re7 26. Qb2 Qa5+ 27. Rc3 Rxd3 28. Bd2 Rxc3
29. Bxc3 Qa6 30. g4 Nf4 31. gxh5 Nd3+ 32. Kf1 Nxb2+ 33. Kg2 Rg7 34. h4 Nd3 35.
f3 Nf4+ 36. Kh2 Qe2+ 37. Kg3 Qg2+ 38. Kxf4 Qxh1 39. h6 Qxh4# 0-1